000 00614nam a22001697a 4500
999 _c20309
_d20309
008 240517b ||||| |||| 00| 0 eng d
020 _a9713009177
082 _aDFil 499.211
_bV71s 1998
100 _aVillanueva, Zenaida Padilla.
_957172
245 _aSining ng pakikipagtalastasan para sa kolehiyo /
_cZenaida Padilla Villanueva.
260 _aManila :
_bMerriam & Webster Bookstore, Inc.,
_c©1998.
300 _a260 pages :
_billustrations ;
_c22 cm.
500 _aIncludes appendices.
650 _aLanguage arts (Filipino).
_957236
650 _aFilipino language
_xRhetoric.
_957237
942 _2ddc
_cDFIL